Normal view
MARC view
- Comunismo y cultura
Entry Materia
001 - NÚMERO DE CONTROL DEL REGISTRO
- campo de control: 8183
003 - IDENTIFICADOR DE NUMERO DE CONTROL
- campo de control: MX-MxUPN
005 - FECHA Y HORA DE LA ÚLTIMA TRANSACCIÓN
- campo de control: 20240506162054.0
008 - DATOS DE LONGITUD FIJA
- campo de control de longitud fija: 240506nn|acannbabn n ana |d
035 ## - NÚMERO DE CONTROL DEL SISTEMA
- Número de control del sistema: UPN10000008189
040 ## - FUENTE DE LA CATALOGACIÓN
- Lengua de catalogación: spa
- Agencia de transcripción: MX-MxUPN
- Centro catalogador de origen: MX-MxUPN
053 #4 - NÚMERO CLASIFICADOR - BIBLIOTECA DEL CONGRESO (LC)
- Elemento numérico de la clasificación - Número único o no. inicial del rango: HX523
150 ## - ENCABEZAMIENTO - TEMÁTICO
- Término de materia o nombre geográfico como elemento inicial: Comunismo y cultura
670 ## - FUENTE EN LA QUE SE LOCALIZARON DATOS
- Cita de la fuente: A
670 ## - FUENTE EN LA QUE SE LOCALIZARON DATOS
- Cita de la fuente: LC, 06 mayo 2024 :
- Información localizada: (Communism and culture)
- Identificador Uniforme del Recurso: https://lccn.loc.gov/sh85029139
902 ## - CATALOGADOR
- Catalogador: MMA/141107
